<Die> Materiell - technische Basis der Konsumtion

Gespeichert in:
Bibliographische Detailangaben
Format: Buch
Sprache:Deutsch
Veröffentlicht: Halle-Wittenberg Martin-Luther - Universität 1985
Schriftenreihe:Wissenschaftliche Beiträge 1985/15 (D 39)
Tags: Tag hinzufügen
Keine Tags, Fügen Sie das erste Tag hinzu!

MARC

LEADER 00000nam a2200000 4500
001 c108559
005 20250122071305.8
041 0 |a ger 
044 |a DE 
245 1 0 |a <Die> Materiell - technische Basis der Konsumtion  |c Herausgegeben von Hans Rössler 
264 1 |a Halle-Wittenberg  |b Martin-Luther - Universität  |c 1985 
300 |a 167 s. 
490 1 |a Wissenschaftliche Beiträge 1985/15  |v (D 39) 
830 0 |a Wissenschaftliche Beiträge 1985/15  |v (D 39)